Statistics for Countries Most Similar to Afghanistan

Click here to take the quiz!

General Stats

  • This quiz has been taken 66 times
  • The average score is 9 of 16

Answer Stats

#CountryStarts withContinent% Correct
Population31,108,000 AfghanistanA|B|C|D|E|F|G|H|I|J|K|L|M|N|O|P|Q|R|S|T|U|V|W|X|Y|ZAAsia
100%
Area251,827 AfghanistanA|B|C|D|E|F|G|H|I|J|K|L|M|N|O|P|Q|R|S|T|U|V|W|X|Y|ZAAsia
100%
Population28,662,000UzbekistanUAsia
66%
Population31,858,000IraqIAsia
62%
Area248,573FranceFEurope
60%
Population28,459,000VenezuelaVSouth America
58%
Population29,849,000PeruPSouth America
51%
Population29,628,000MalaysiaMAsia
49%
Population30,430,000NepalNAsia
49%
Area233,032UkraineUEurope
49%
Area226,658MadagascarMAfrica
43%
Population32,649,000MoroccoMAfrica
42%
Area261,228MyanmarMAsia
38%
Area248,777South SudanSAfrica
38%
Area240,535Central African RepublicCAfrica
36%
Area246,201SomaliaSAfrica
32%

Score Distribution

Percentile by Number Answered

Percent of People with Each Score

Your Score History

You have not taken this quiz